000 01318nam a22003737a 4500
003 CHAP
005 20220329135625.0
008 971013s1995 r 00010 d
010 _a39495
011 _a40467
035 _a44592
040 _cCHAP
090 _aTesis
100 0 0 _aRodríguez Flores, Miguel.
_998479
245 _aExploración etnobotánica de plantas medicinales en los municipios de Pedro Escobedo y San Juan del Río, estado de Querétaro
260 _aChapingo, Méx. :
_bEl autor,
_c1995
300 _a105 h.
502 _aTesis (Ing. Agr. Esp. en Fitotecnia) -- UACH. Departamento de Fitotecnia
590 _aALEPH
_b10
_c20130110
_lUCH01
_h1307
590 _aBATCH-UPD
_b10
_c20130110
_lUCH01
_h1135
590 _aBATCH-UPD
_b10
_c20130410
_lUCH01
_h0723
590 _aBATCH-UPD
_b10
_c20130914
_lUCH01
_h0458
590 _aBATCH-UPD
_b10
_c20130914
_lUCH01
_h2040
590 _aCONVERSION
_b10
_c20130109
_lUCH01
_h1322
650 1 4 _aArtemisa ludovisiana.
_97744
650 1 4 _aBotánica médica.
_914680
650 1 4 _aEtnobotánica
_xQuerétaro.
_938633
650 1 4 _aGerminación.
_947755
700 0 _aOsornio Morales, Félix.
_984250
901 _aBK
942 _cFOLL
949 _bBC
_cTES
_d-102210
_eTS1
_h27859
_i44592
_si
949 _bBC
_cTES
_d33724000005823
_eTS2
_fc.2
_h27860
_i44592
_si
999 _c39495
_d39495